000 00391 a2200121 4500
001 ART_5870
005 20260410161828.0
008 260409a
245 1 0 _aVida, pasión y muerte de la convertibilidad en Argentina
100 1 _aBeker, Víctor Alberto
700 1 _aEscudé, Guillermo J.
773 0 _tEstudios Económicos
_g- Vol. 25, Nº 50 (ene./jun. 2008)
_wREV5080
999 _c22991
_d22991